| 000 | 00635 a2200205 4500 | ||
|---|---|---|---|
| 005 | 20080826114853.0 | ||
| 008 | 080826t xxu||||| |||| 00| 0 eng d | ||
| 010 | _aENG-87177 | ||
| 020 | _c21.00 | ||
| 035 | _aEN-70710 | ||
| 037 | _bDBAD / PUB | ||
| 082 | _aS | ||
| 100 | _aDickens, Charles | ||
| 245 |
_aDavid Copperfield _cby Charles Dickens |
||
| 260 |
_aChennai _bV.V. Rajan & Co _c1998 |
||
| 300 |
_a108 p. _c22 cm (Pbk.) |
||
| 490 | _aever classics | ||
| 942 |
_adpl _cEN _kS / DIC _2ddc _hS _mDIC |
||
| 999 |
_c6132 _d6132 |
||